000 00250nam a2200097Ia 4500
008 190216s9999||||xx |||||||||||||| ||und||
100 _aAlexander Stenhouse
245 0 _aMazhavillum Onpathunirangalum
260 _bKerala Basha Inst
942 _cBK
999 _c37691
_d37691